000 00732nam a22002537a 4500
003 UA-OsUOA
001 30701
007 ta
008 20041112b un ||||| |||| 00| 0 ukr d
100 _aЛазарев Л.
090 _a82.09(470+571)
_bЛ17
942 _cBK
040 _aUA-OsUOA
_brus
_cUA-OsUOA
_dUA-OsUOA
245 _aЭто наша судьба
_bЗаметки о литературе, посвященной Великой Отечественной войне
300 _a391 с.
955 _a0
041 _arus
080 _a82.09(470+571)
260 _aМосква
_bСоветский писатель
_c1983
044 _aRU
250 _n2-е изд., доп.
650 7 _2UDC
999 _c317115
_d317115